000 00461cam a22001457a 4500
999 _c512314
_d512314
008 180718b-- xxu||||| |||| 00| 0 eng d
082 _aZ2x5414 G/2017-18
245 _aFood supplies at a glance, 2017-18
260 _aBhubaneswar
_bThe author
_c2018
300 _a118p.
500 _aLibrary has 2010/11,2017/18
650 _aRationing, Consumer - India - Orissa
_913434
700 _aOrissa. Food Supplies and Consumer Welfare Department
_913435
942 _2ddc